000 01098nam a2200253 i 4500
001 187265
003 SpMaBN
005 20250916203037.0
008 170522s1972 sp |||| |dspa d
080 _a929:32 Gaulle, Charles de
080 _a32(44)"1958/..."
100 1 _aFraga Iribarne, Manuel,
_d1922-2012
_9193721
245 1 3 _aLa obra constituyente del presidente De Gaulle /
_cManuel Fraga Iribarne.
260 _a[Toledo] :
_bPublicaciones del Centro Universitario de Toledo, Universidad Complutense,
_c[1972]
300 _a41 p. ;
_c20 cm.
490 1 _aToledo universitario
594 _aEn verso de port.: El original fue dado a conocer en una conferencia pronunciada por el autor en el Centro Universitario, dentro del ciclo "Personajes del siglo XX"
600 1 4 _aGaulle, Charles de,
_d1890-1970
_956005
651 7 _aFrancia-
_xPolĂ­tica y gobierno-
_y1958-1969.
_98709
710 2 _aUniversidad Complutense de Madrid.
_bCentro Universitario de Toledo.
_9162578
830 0 _aToledo universitario
_9185581
852 _aES-MaACL
_jL-31614
999 _c187265
_d187265